| 000 | 00960nas a2200325 4500 | ||
|---|---|---|---|
| 001 | BR0405387 | ||
| 003 | BR-BrBNA | ||
| 005 | 20231205104945.0 | ||
| 007 | ta | ||
| 008 | 230509b bl.|||p| |||| 00| 00por d | ||
| 040 |
_aBR-BrBNA _bpor _cBiblioteca Nacional de Agricultura |
||
| 041 | _a(Pt) | ||
| 072 | _aF01 | ||
| 100 | 1 | _aCoelho, G.V. de A. | |
| 100 | 1 | _aChalfun, N.N.J. | |
| 100 | 1 | _aMiranda, C.S. de | |
| 100 | 1 | _aVeiga, R.D. | |
| 100 | 1 | _aGonçalves, F.C. | |
| 245 | 1 | _aDiferentes práticas culturais na produção antecipada de figos verdes | |
| 650 | _aFIGO | ||
| 650 | _aPRÁTICA CULTURAL | ||
| 650 | _aPRODUÇÃO VEGETAL | ||
| 650 | _aDORMÊNCIA | ||
| 650 | _aCOBERTURA DO SOLO | ||
| 650 | _aPODA | ||
| 650 | _aMATURAÇÃO PRECOCE | ||
| 773 | 0 |
_tCiência e Agrotecnologia (Brazil) _xISSN 1413-7054 _g(Dec 2003), v. 27(Special number) p. 1493-1498 _wBR0405387 |
|
| 909 |
_a202311 _bLúcia _c55 _dLúcia Elande |
||
| 942 |
_2AGRIS _n0 _cANA |
||
| 999 |
_c180485 _d180485 |
||